Essentials of English /

Αποθηκεύτηκε σε:
Λεπτομέρειες βιβλιογραφικής εγγραφής
Άλλοι συγγραφείς: Foote, Ronald C., Gale, Cedric, Hopper, Vincent F.
Μορφή: Sách giấy
Γλώσσα:English
Έκδοση: New York : Barron , 1990
Ετικέτες: Προσθήκη ετικέτας
Δεν υπάρχουν, Καταχωρήστε ετικέτα πρώτοι!
Thư viện lưu trữ: Thư viện Trường Đại học Đà Lạt
LEADER 00668nam a2200265 4500
001 DLU020015822
005 ##10/17/2000
020 # # |a 978- 
041 # # |a eng 
082 # # |a 428.2  |b Ess 
245 # # |a Essentials of English /  |c Vincent F. Hopper, Cedric Gale, Ronald C., Foote, ... [và những người khác] 
260 # # |a New York :  |b Barron ,  |c 1990 
300 # # |a 254 tr.;   |c 20 cm 
700 # # |a Foote, Ronald C. 
700 # # |a Gale, Cedric 
700 # # |a Hopper, Vincent F. 
992 # # |a 16000 
994 # # |a DLU 
900 # # |a False 
911 # # |a Administrator 
925 # # |a G 
926 # # |a A 
927 # # |a SH 
980 # # |a Thư viện Trường Đại học Đà Lạt